000 00746nam a22002295i 4500
001 154010
003 ES-MaACL
005 20230906205458.0
008 000209s1857 fr |||| | fre d
040 _aCCPB | B
_bspa
_cCCPB | B
245 0 4 _aLes facetieuses nuits de Straparole /
_ctraduites par Jean Louveau et Pierre de Larivey.
260 _aParis :
_bP. Jannet,
_c1857 (
_fE. Thunot et Cie.)
300 _a2 v. ;
_c17 cm.
490 1 _aBibliothèque Elzevirienne
700 1 1 _aLouveau, Jean,
_etrad.
_9129097
700 1 1 _aLarivey, Pierre de,
_eanot.
_9128698
752 _aFrancia -
_dParís
830 0 _aBibliothèque Elzevirienne
_9180979
852 _aES-MaACL
_jG-2358-2359
_z-- Enc.
999 _c154010
_d154010